000 00600nam a22002057a 4500
003 OSt
005 20220107122901.0
008 211209b xxu||||| |||| 00| 0 eng d
020 _a9781484244975
040 _cKUDSIT
082 _a004.62 TAM/B
100 _aTamboli, Anand
_918794
245 _aBuild your own IoT platform :
_bDevelop a fully flexible and scalable Internet of Things platform in 24 hours
260 _aNew York,
_bApress,
_c2019.
300 _axvii, 221p.
650 _aCOMPUTER SCIENCE
_918795
650 _aINTERNET OF THINGS
_918796
650 _aIOT
_918797
942 _2ddc
_cBK
999 _c6879
_d6879